20 Country Snapshot Quiz Stats

 Plays Quiz Updated Jul 14, 2016

Score 0/20 Timer 02:00
1 Play Today
% Correct
United Kingdom
98.5%
Sweden
98.4%
France
98.1%
Norway
98%
Germany
98%
Ireland
96.6%
Finland
96.4%
Poland
95%
Denmark
94.1%
Belgium
93.3%
% Correct
Netherlands
92.7%
Iceland
88.7%
Latvia
86%
Estonia
85.1%
Lithuania
83.9%
Luxembourg
83.3%
Russia
81%
Czechia
78.2%
Ukraine
76.7%
Belarus
75.5%

You're not logged in!

Compare scores with friends on all Sporcle quizzes.
OR
Log In

Show Comments

Extras

Top Quizzes Today


Score Distribution

Your Account Isn't Verified!

In order to create a playlist on Sporcle, you need to verify the email address you used during registration. Go to your Sporcle Settings to finish the process.

Report this User

Report this user for behavior that violates our Community Guidelines.

Details: